Rywale reprezentacji Polski 1931 - Statystyki

Ogólne statystyki
  • Ten quiz został rozwiązany 7 razy
  • Średni wynik to 3 z 5
Statystyki odpowiedzi
RM WM ZM PM BZ BS RB Reprezentacja % Poprawnych
1 0 0 1 0 4 -4 Czechosłowacja
86%
1 1 0 0 5 0 5 Łotwa
71%
1 0 0 1 2 3 -1 Rumunia
71%
1 1 0 0 6 3 3 Jugosławia
57%
1 0 0 1 1 2 -1 Belgia
43%
Nie znaleziono quizów pasujących do podanych kryteriów
Rozkład punktacji
Procent ludzi z każdym wynikiem
Percentyl według liczby udzielonych odpowiedzi
Twoja historia wyników
Nie rozwiązałeś tego quizu